Ornament osudu

Korporativní autor: OK Band
Jazyk: Čeština
Vydáno: Praha : Monitor-EMI, p2000
Témata:
Fyzický popis: 1 MC : Dolby systém + 1 složený list.
Zvukové nahrávky
Uloženo v:
LEADER 01456njm a2200445 a 4500
001 000530901
003 CZ BrMZK
005 20000105143423.0
008 000105s2000 xr f cze d
028 0 3 |a 5 26040 4  |b Monitor-EMI 
040 |a BOA001  |b cze 
080 |a 784.4"2000"(086.7)  |2 MRF 
110 2 |a OK Band  |7 mzk2002158265  |4 prf 
245 1 0 |a Ornament osudu  |h [zvukový záznam] /  |c OK Band. 
246 3 3 |a Snad za to může láska 
246 3 3 |a Tak se jí směj 
246 3 3 |a Ufo nad rybníkem 
246 3 3 |a Ztracenej svět 
246 3 3 |a ŽTižkovská zeď 
246 3 3 |a A-bomb 
246 3 3 |a Ano i ne 
246 3 3 |a Božský klid 
246 3 3 |a Bydlím na závštrné straně továrního komína 
246 3 3 |a Dnes v noci mě náhle přepadly mé představy 
246 3 3 |a Do tmy se dívej 
246 3 3 |a Kdoi ty barvy určil 
246 3 3 |a Nejsi 
246 3 3 |a Noční host 
246 3 3 |a Smutný cirkus 
260 |a Praha :  |b Monitor-EMI,  |c p2000 
300 |a 1 MC :  |b Dolby systém +  |e 1 složený list. 
500 |a Nahr. neuv 
500 |a Durata neuv 
500 |a Texty písní v doprovod. mater. 
505 2 |a Snad za to může láska, Božský klid, Nejsi ... [et al.] 
653 0 |a populární hudba  |a populární písně 
910 |a BOA001  |b KZ-0008.908 
964 |a Hudba populární  |z r.2000  |x MC 
990 |a AV 
996 6 |b 261H009595  |c KZ-0008.908  |l MZK  |r Sklad / do 24 hodin  |n 0  |p p.v.  |w 000530901  |u 000010  |a 1  |e BOA001  |j MZK50  |s P